Sports Quiz

Random Sports Quiz

Can You Name the 1960s Washington Senators? Quiz Stats

 Plays Quiz not verified by Sporcle

Score 0/151 Timer 20:00
0 Plays Today
Hint Answer % Correct
2B 1967-69Bernie Allen
96.2%
OF 1966-69Hank Allen
96.2%
SS 1961-69Ed Brinkman
96.2%
P 1968Bruce Howard
96.2%
OF-1B 1965-69Frank Howard
96.2%
2B-SS 1966-69Tim Cullen
94.9%
P 1966-69Dick Bosman
94.1%
C 1965-69Paul Casanova
94.1%
1B 1967-69Mike Epstein
94.1%
P 1965Dallas Green
93.6%
P 1962Fred Green
93.6%
C-OF 1961Gene Green
93.6%
IF 1961-62Bob Johnson
93.6%
P 1961-64Claude Osteen
93.6%
SS 1969Toby Harrah
93.2%
P 1961-65Bennie Daniels
92.8%
OF 1968-69Del Unser
92.8%
OF 1965, 1968-69Brant Alyea
92.4%
P 1962-69Jim Hannan
92.4%
P 1968Steve Jones
92.4%
1B 1961-62Dale Long
92.4%
P 1961-62Joe McClain
92.4%
3B-C 1963-65Don Zimmer
92.4%
3B-OF 1968-69Dick Billings
91.9%
P 1961-64Tom Cheney
91.9%
2B-SS 1961-65Chuck Cottier
91.9%
P 1966-69Casey Cox
91.9%
C 1965-69Jim French
91.9%
OF 1961-64Chuck Hinton
91.9%
OF 1961-67Jim King
91.9%
3B 1965-69Ken McMullen
91.9%
1B 1965-67Dick Nen
91.9%
P 1963-66Ron Kline
91.5%
P 1964-66Howie Koplitz
91.5%
P 1966-67Dick Lines
91.5%
P 1965-69Barry Moore
91.5%
C 1961-64Ken Retzer
91.5%
P 1962-64Dave Stenhouse
91.5%
OF 1964-68Fred Valentine
91.5%
1B-OF 1961-62Bud Zipfel
91.5%
2B 1963-66Don Blasingame
91.1%
C 1965-67, 1969Doug Camilli
91.1%
2B-SS 1962, 1965-66Ken Hamlin
91.1%
P 1965-66Mike McCormick
91.1%
P 1965-68Phil Ortega
91.1%
P 1961Hal Woodeshick
91.1%
P 1966-69Dave Baldwin
90.7%
IF 1961-62Harry Bright
90.7%
C 1964-66Tom Brumley
90.7%
P 1965-69Joe Coleman
90.7%
1B-OF 1968-69Gary Holman
90.7%
Hint Answer % Correct
OF 1967-68Cap Peterson
90.7%
P 1967Bob Priddy
90.7%
3B-2B 1962-63John Schaive
90.7%
OF 1967-69Ed Stroud
90.7%
2B 1967-68Frank Coggins
90.3%
1B 1964-66Joe Cunningham
90.3%
P 1969Jan Dukes
90.3%
OF 1962-66Don Lock
90.3%
P 1964Don Loun
90.3%
C 1965Joe McCabe
90.3%
SS 1961Coot Veal
90.3%
SS-2B 1969Zoilo Versalles
90.3%
P 1961-64Carl Bouldin
89.8%
OF 1968-69Sam Bowens
89.8%
SS 1968Ron Hansen
89.8%
P 1968-69Dennis Higgins
89.8%
P 1967-69Camilo Pascual
89.8%
IF 1966-67Bob Saverine
89.8%
P 1967-69Frank Bertaina
89.4%
P 1961Dick Donovan
89.4%
OF 1965Woodie Held
89.4%
P 1966-69Bob Humphreys
89.4%
P 1968-69Jim Miles
89.4%
C-1B 1966-67John Orsino
89.4%
1B 1964-65Roy Sievers
89.4%
P 1962-63Steve Hamilton
89%
1B 1964Bill Skowron
89%
C 1963Hobie Landrith
88.6%
P 1967Dick Nold
88.6%
C 1962-63Bob Schmidt
88.6%
OF 1961-62Gene Woodling
88.6%
P 1967-69Darold Knowles
88.1%
P 1965-67Pete Richert
88.1%
OF 1964-66Willie Kirkland
87.7%
P 1969Jim Shellenback
87.7%
C 1961Dutch Dotterer
86.9%
1B-3B 1963Larry 'Bobo' Osborne
86.9%
OF 1961-62Willie Tasby
86.9%
1B 1966-67Ken 'Hawk' Harrelson
86%
P 1961-63Ed Hobaugh
86%
OF 1969Lee Maye
86%
OF 1962-63Jim Piersall
85.6%
3B-2B 1961-62Danny O'Connell
85.2%
P 1968Gerry Schoen
85.2%
P 1968Bill Denehy
84.7%
P 1968Bill Haywood
84.7%
3B-SS 1962-64John Kennedy
84.7%
P 1965Nick Willhite
84.7%
C 1968Bill Bryan
84.3%
P 1964-67Les 'Buster' Narum
84.3%
P 1963-66Jim Duckworth
83.9%
Hint Answer % Correct
OF 1963Barry Shetrone
83.9%
P 1963-65Steve Ridzik
83.5%
P 1962-63Jack Jenkins
83.1%
3B-2B 1963Marv Breeding
82.6%
P 1961-62Marty Kutyna
82.6%
P 1961-63Pete Burnside
82.2%
1B 1965-67Bob Chance
82.2%
SS 1961Jim Mahoney
82.2%
P 1969Cisco Carlos
81.8%
P 1964-66, 1969Frank Kreutzer
81.4%
P 1961Carl Mathias
81.4%
OF 1969Dick Smith
81.4%
1B 1963-64, 1966Dick Phillips
80.9%
2B 1963Lou Klimchock
80.5%
OF-3B 1963Minnie Minoso
80.1%
2B 1961Chet Boak
77.1%
P 1961Rudy Hernandez
76.7%
C 1963Cal Neeman
75.8%
P 1962Ray Rippelmeyer
75.4%
P 1966Diego Segui
74.6%
OF 1961-62Joe Hicks
73.3%
OF 1968Gene Martin
72%
C 1963-64Don Leppert
70.8%
P 1964-65Marshall Bridges
70.3%
P 1964Alan Koch
69.9%
1B 1961R. C. Stevens
69.1%
P 1961Johnny Klippstein
62.7%
P 1961Dave Sisler
61.9%
P 1961Tom Sturdivant
60.2%
P 1961Mike Garcia
58.5%
P 1962-63Bob Baird
58.1%
P 1963-64Jim Bronstad
58.1%
1B-OF 1963Tom Brown
58.1%
P 1966Alan Closter
57.2%
P 1963Jim Coates
55.9%
P 1961John Gabler
55.9%
C 1961Pete Daley
54.7%
P 1962-64Don Rudolph
54.7%
P 1963Ron Moeller
53.8%
2B-SS 1961-62Ron Stillwell
52.5%
P 1964-66Pete Craig
50.4%
P 1963Art Quirk
50.4%
P 1965Ryne Duren
50%
OF-1B 1961Marty Keough
47.9%
P 1963-64Ed Roebuck
46.6%
P 1961Roy Heiser
43.6%
OF 1963-64Ken Hunt
43.6%
SS-3B 1961Billy Klaus
41.1%
P 1961Hector Maestri
37.3%

You're not logged in!

Compare scores with friends on all Sporcle quizzes.
OR
Log In

Sporcle TV

Today on Sporcle TV


Watch our educational content, quiz creation guides, and fun videos on Sporcle TV.

Show Comments

Extras

Created Aug 20, 2015ReportNominate
Tags:1960, senator, Washington

Top Quizzes Today


Score Distribution

Your Account Isn't Verified!

In order to create a playlist on Sporcle, you need to verify the email address you used during registration. Go to your Sporcle Settings to finish the process.

Report this User

Report this user for behavior that violates our Community Guidelines.

Details: